Monitoring and Controlling of Economic Tasks Through Tools of Graph Theory

Priblíženie využitia nástrojov teórie grafov na monitorovanie a kontrolu ekonomických úloh. Teória grafov poskytuje základ pre všeobecnú sieťovú analýzu a rozhodovanie. Regulácia komplexných ekonomických procesov sieťovou analýzou je veľmi relevantná a efektívna.

Salvato in:
Dettagli Bibliografici
Autore principale: Drabiková, Elena
Altri autori: Fecková Škrabuľáková, Erika
Natura: Capitolo di libro
Lingua:inglese
Soggetti:
Tags: Aggiungi Tag
Nessun Tag, puoi essere il primo ad aggiungerne!!

MARC

LEADER 00000nla a2200000 4500
001 0243109
005 20240417075139.3
041 0 |a eng 
044 |a SK 
245 1 0 |a Monitoring and Controlling of Economic Tasks Through Tools of Graph Theory  |c Elena Drabiková, Erika Fecková Škrabuľáková 
520 |a Priblíženie využitia nástrojov teórie grafov na monitorovanie a kontrolu ekonomických úloh. Teória grafov poskytuje základ pre všeobecnú sieťovú analýzu a rozhodovanie. Regulácia komplexných ekonomických procesov sieťovou analýzou je veľmi relevantná a efektívna. 
610 2 0 |a metódy matematické 
610 2 0 |a metódy kvantitatívne 
610 2 0 |a politika finančná 
610 2 0 |a manažment finančný 
610 2 0 |a riziko finančné 
610 2 0 |a analýza sieťová 
610 2 0 |a grafy 
610 2 0 |a grafy sieťové 
100 1 |a Drabiková, Elena 
700 1 |a Fecková Škrabuľáková, Erika